[Event "Junior Online 4NCL Division 1"]
[Site "online"]
[Date "2020.04.23"]
[Round "2.76"]
[White "Macdonald, Ciaran"]
[Black "Chung, Daniel"]
[Result "1-0"]
[WhiteElo "1712"]
[BlackElo "1622"]
[PlyCount "91"]
[EventDate "2020.04.23"]
[WhiteTeam "Forest Hall Dæmons"]
[BlackTeam "Young Dragons"]

1. Nf3 Nf6 2. c4 g6 3. d4 Bg7 4. Nc3 d6 5. e4 O-O 6. h3 Nbd7 7. Be3 e5 8. d5
Nb6 9. Qd2 Bd7 10. Be2 c6 11. g4 c5 12. O-O-O a5 13. Rdg1 Nc8 14. Bh6 Na7 15.
a4 b6 16. Nh4 Nxe4 17. Nxe4 Qxh4 18. Bg5 Bh6 19. Bxh6 Qe7 20. Bxf8 Rxf8 21. h4
f6 22. f4 f5 23. gxf5 Bxf5 24. Ng3 exf4 25. Nxf5 Rxf5 26. Bg4 Rf6 27. h5 g5 28.
Be6+ Kf8 29. Qg2 Ke8 30. Qxg5 Rxe6 31. Qg8+ Qf8 32. dxe6 Qxg8 33. Rxg8+ Ke7 34.
Rg7+ Kxe6 35. Rxa7 Ke5 36. Rf1 Ke4 37. Rxh7 f3 38. Rb7 Ke3 39. Rxf3+ Kxf3 40.
h6 Ke4 41. h7 Kd4 42. h8=Q+ Kxc4 43. Rxb6 d5 44. Qh4+ d4 45. Qe1 Kd5 46. Qe6#
1-0

[Event "Junior Online 4NCL Division 1"]
[Site "online"]
[Date "2020.04.23"]
[Round "2.77"]
[White "Davies, Tom"]
[Black "Wall, John (jnr)"]
[Result "0-1"]
[WhiteElo "1517"]
[BlackElo "1705"]
[PlyCount "136"]
[EventDate "2020.04.23"]
[WhiteTeam "Young Dragons"]
[BlackTeam "Forest Hall Dæmons"]

1. c4 e6 2. g3 d5 3. Bg2 Nf6 4. Nf3 Be7 5. O-O dxc4 6. Qa4+ Bd7 7. Qxc4 c5 8.
Ne5 Bc6 9. Nxc6 Nxc6 10. Nc3 O-O 11. a3 a6 12. Rb1 Rc8 13. b4 b5 14. Qf4 Bd6
15. Qh4 Qb6 16. Ne4 Nxe4 17. Bxe4 h6 18. Bb2 Qd8 19. bxc5 Qxh4 20. gxh4 Bxc5
21. Rfc1 Ne7 22. Bb7 Rc7 23. Bxa6 Bd6 24. Rxc7 Bxc7 25. Bxb5 Rb8 26. a4 Ba5 27.
d3 Nd5 28. Rc1 Rd8 29. e4 Nf6 30. Bxf6 gxf6 31. Rc5 Rd4 32. f4 Rb4 33. Kf2 Bb6
34. d4 Rxd4 35. Rc8+ Kg7 36. Kf3 Rd2 37. h3 Rf2+ 38. Kg3 Be3 39. a5 Ra2 40. a6
Ra5 41. Bf1 Ba7 42. Rc7 Bb6 43. Rb7 Bd4 44. h5 Ra3+ 45. Kg4 Bf2 46. f5 e5 47.
Rb3 Rxb3 48. a7 Rg3+ 49. Kh4 Ra3+ 50. Kg4 Rxa7 51. h4 Ra3 52. Bd3 Ra1 53. Kf3
Bxh4 54. Kg4 Bf2 55. Kf3 Bd4 56. Kg4 Rg1+ 57. Kf3 Kf8 58. Be2 Ke7 59. Bc4 Kd6
60. Bxf7 Kc5 61. Bg6 Kc4 62. Ke2 Rg3 63. Bf7+ Kc3 64. Bd5 Bb6 65. Bf7 Re3+ 66.
Kf1 Kd2 67. Bd5 Rg3 68. Bc4 Rg1# 0-1

[Event "Junior Online 4NCL Division 1"]
[Site "online"]
[Date "2020.04.23"]
[Round "2.78"]
[White "French, Morgan"]
[Black "Jaberansari, Benjamin"]
[Result "1-0"]
[WhiteElo "1637"]
[BlackElo "1405"]
[PlyCount "151"]
[EventDate "2020.04.23"]
[WhiteTeam "Forest Hall Dæmons"]
[BlackTeam "Young Dragons"]

1. d4 Nf6 2. c4 g6 3. Nc3 Bg7 4. Bf4 O-O 5. Nf3 d6 6. h3 Nfd7 7. e3 e5 8. Bh2
f5 9. dxe5 dxe5 10. Rc1 Nc6 11. Be2 Nc5 12. O-O e4 13. Nd2 Na5 14. b4 Nd3 15.
Bxd3 Qxd3 16. bxa5 Bxc3 17. Nb3 Qxd1 18. Rfxd1 Bb4 19. Bxc7 Ba3 20. Rc2 Be6 21.
Nd4 Bf7 22. Nb5 Bb4 23. Rb1 Be7 24. Nd6 Bxd6 25. Bxd6 Rfd8 26. c5 Rac8 27. Rxb7
Rxd6 28. Rxa7 Rd1+ 29. Kh2 Ra1 30. c6 Rxa2 31. Rxa2 Bxa2 32. c7 Kf7 33. Rb7 Bd5
34. Rb5 Bc6 35. Rb6 Bd5 36. Rd6 Be6 37. Rc6 Ke7 38. a6 Kd7 39. Rc1 Rxc7 40.
Rd1+ Kc8 41. Ra1 Kb8 42. Kg3 Ka7 43. Kf4 Rc5 44. Rd1 Rc2 45. Kg3 Rb2 46. Rd6
Bc8 47. Rd8 Be6 48. Rd6 Bc8 49. Rd8 Bxa6 50. Rd7+ Kb8 51. Rxh7 Rb6 52. Rg7 Kc8
53. Kf4 Kd8 54. g4 Rf6 55. Kg5 Rb6 56. gxf5 gxf5 57. Kxf5 Bd3 58. h4 Rh6 59.
Kg5 Rh8 60. h5 Be2 61. h6 Ke8 62. Kg6 Kf8 63. Ra7 Rg8+ 64. Kf6 Bb5 65. Rf7+ Ke8
66. h7 Rh8 67. Ra7 Rf8+ 68. Kg7 Bc6 69. Ra8+ Ke7 70. Rxf8 Ke6 71. h8=Q Ke5 72.
Qh5+ Ke6 73. Qg6+ Kd7 74. Rf7+ Kd8 75. Qd6+ Ke8 76. Qe7# 1-0

[Event "Junior Online 4NCL Division 1"]
[Site "online"]
[Date "2020.04.23"]
[Round "2.81"]
[White "Pollack, Oscar"]
[Black "Kan, Toby"]
[Result "0-1"]
[WhiteElo "2110"]
[BlackElo "1870"]
[PlyCount "104"]
[EventDate "2020.04.23"]
[WhiteTeam "Muswell Masters"]
[BlackTeam "Chess in Schools"]

1. e4 c5 2. Nf3 g6 3. d4 cxd4 4. Nxd4 Nc6 5. Nc3 Bg7 6. Be3 Nf6 7. Nxc6 bxc6 8.
e5 Ng8 9. f4 Nh6 10. Bc4 O-O 11. O-O Nf5 12. Bf2 d5 13. Bd3 Qc7 14. Kh1 Rd8 15.
Na4 d4 16. Nc5 Qb6 17. Ne4 Qxb2 18. Qd2 Qa3 19. Rfb1 Be6 20. Ng5 Bd5 21. Bxf5
gxf5 22. Rb7 c5 23. Rxe7 h6 24. Nf3 Bf8 25. Rc7 Bxf3 26. gxf3 Qxf3+ 27. Kg1
Rdc8 28. Rxc8 Rxc8 29. Re1 Rc6 30. Bg3 h5 31. Qg2 Qxg2+ 32. Kxg2 c4 33. Bh4
Rg6+ 34. Kf3 Re6 35. Bf6 Be7 36. Rg1+ Kh7 37. Rg7+ Kh6 38. Rxf7 Bxf6 39. exf6
Kg6 40. Rxa7 Kxf6 41. Rc7 Re3+ 42. Kf2 Rc3 43. Rc6+ Ke7 44. a4 Rxc2+ 45. Kg3 d3
46. Rc7+ Kd6 47. Rc8 Kd7 48. Rc5 Kd6 49. Rc8 d2 50. a5 Kd7 51. Rc5 d1=Q 52. a6
Qg4# 0-1

[Event "Junior Online 4NCL Division 1"]
[Site "online"]
[Date "2020.04.23"]
[Round "2.82"]
[White "Supatan, Denzel"]
[Black "Badacsonyi, Frankie"]
[Result "1-0"]
[WhiteElo "1712"]
[BlackElo "1600"]
[PlyCount "125"]
[EventDate "2020.04.23"]
[WhiteTeam "Chess in Schools"]
[BlackTeam "Muswell Masters"]

1. e4 e6 2. d3 d5 3. Nd2 dxe4 4. Nxe4 Nd7 5. Nf3 Ngf6 6. Nc3 Be7 7. g3 c6 8.
Bg2 O-O 9. O-O Nb6 10. b3 Nbd5 11. Bb2 Qa5 12. Nxd5 exd5 13. Re1 Qc7 14. Qd2 h6
15. Re2 a5 16. a4 Bg4 17. Rae1 Bb4 18. c3 Bxf3 19. Bxf3 Bd6 20. c4 dxc4 21.
dxc4 Nd7 22. Rd1 Be5 23. Qxd7 Qxd7 24. Rxd7 Bxb2 25. Rxb2 Rab8 26. Re2 Rfd8 27.
Ree7 Rxd7 28. Rxd7 Kf8 29. Kf1 Ke8 30. Rd4 Ke7 31. Ke2 g5 32. h3 f5 33. Kd3 Ke6
34. g4 f4 35. Re4+ Kf6 36. Kc3 b5 37. axb5 cxb5 38. cxb5 Rxb5 39. Ra4 Rc5+ 40.
Rc4 Rb5 41. Rc6+ Kg7 42. Rc7+ Kg8 43. Rc8+ Kg7 44. Be4 Re5 45. f3 Re7 46. Rc6
Kf7 47. Rxh6 Kg8 48. Rg6+ Kf7 49. Rxg5 Kf6 50. Rxa5 Rc7+ 51. Kb2 Rc8 52. Ra6+
Ke5 53. Re6+ Kd4 54. Rd6+ Ke3 55. Rd3+ Kf2 56. h4 Kg3 57. h5 Rb8 58. Ka3 Rb6
59. b4 Ra6+ 60. Kb3 Rb6 61. Rd7 Rh6 62. b5 Rb6 63. Kb4 1-0

[Event "Junior Online 4NCL Division 1"]
[Site "online"]
[Date "2020.04.23"]
[Round "2.83"]
[White "Bird, Max"]
[Black "Acharya, Kandara"]
[Result "1-0"]
[WhiteElo "1660"]
[BlackElo "1607"]
[PlyCount "77"]
[EventDate "2020.04.23"]
[WhiteTeam "Muswell Masters"]
[BlackTeam "Chess in Schools"]

1. c4 Nf6 2. d4 g6 3. Nc3 d6 4. g3 Bg7 5. Bg2 O-O 6. e3 c5 7. Nge2 Nc6 8. O-O
Bd7 9. dxc5 dxc5 10. Nf4 Rc8 11. Bd2 b6 12. Qc2 Bf5 13. Qc1 Ne5 14. Rd1 Nxc4
15. Be1 Qc7 16. Ncd5 Nxd5 17. Nxd5 b5 18. Nxc7 Bxb2 19. Nd5 Rfe8 20. Qxb2 Nxb2
21. Rd2 Nc4 22. Rdd1 Ne5 23. Bc3 Nd3 24. e4 e6 25. Nf6+ Kf8 26. Nxe8 Rxe8 27.
exf5 c4 28. fxe6 Rxe6 29. a3 Re2 30. Rf1 Rc2 31. Bb4+ Kg8 32. Be4 Re2 33. Rae1
Nxe1 34. Rxe1 Ra2 35. Bg2 a5 36. Bc3 Kf8 37. Bxa5 Rxa3 38. Bb4+ Kg7 39. Bxa3
1-0

[Event "Junior Online 4NCL Division 1"]
[Site "online"]
[Date "2020.04.23"]
[Round "2.84"]
[White "Rogers, Max"]
[Black "Pollack, Maximo"]
[Result "0-1"]
[WhiteElo "1517"]
[BlackElo "1262"]
[PlyCount "50"]
[EventDate "2020.04.23"]
[WhiteTeam "Chess in Schools"]
[BlackTeam "Muswell Masters"]

1. e4 c6 2. d4 d5 3. Nc3 dxe4 4. Nxe4 Bf5 5. Ng3 Bg6 6. Nf3 Nf6 7. Bc4 e6 8.
Ne5 Bd6 9. Nxg6 hxg6 10. Bg5 Nbd7 11. O-O Qa5 12. Bd2 Qb6 13. c3 Qxb2 14. Qc1
Qxc1 15. Raxc1 O-O-O 16. Bd3 Rh7 17. h3 Rdh8 18. Bg5 Nh5 19. Be2 Bxg3 20. fxg3
Nxg3 21. Rf2 Ne4 22. Be3 Nxf2 23. Bxf2 f5 24. Rf1 g5 25. Be1 g4 {Time} 0-1

[Event "Junior Online 4NCL Division 1"]
[Site "online"]
[Date "2020.04.23"]
[Round "2.85"]
[White "Kan, Toby"]
[Black "Pollack, Oscar"]
[Result "0-1"]
[WhiteElo "1870"]
[BlackElo "2110"]
[PlyCount "56"]
[EventDate "2020.04.23"]
[WhiteTeam "Chess in Schools"]
[BlackTeam "Muswell Masters"]

1. e4 e6 2. d3 d5 3. Nd2 Nf6 4. Ngf3 b6 5. g3 Bb7 6. e5 Nfd7 7. Bg2 Nc6 8. Qe2
g5 9. h3 Bg7 10. d4 h5 11. Nb3 g4 12. hxg4 hxg4 13. Rxh8+ Bxh8 14. Nh4 f5 15.
exf6 Qxf6 16. Qxg4 O-O-O 17. Be3 Kb8 18. O-O-O Nb4 19. c3 Na6 20. Bh3 e5 21.
dxe5 Nxe5 22. Qf4 Qc6 23. Bd4 Nc4 24. Bg2 Qa4 25. Kb1 Bxd4 26. Qxd4 Nc5 27.
Nxc5 bxc5 28. Qxc5 Qxd1# 0-1

[Event "Junior Online 4NCL Division 1"]
[Site "online"]
[Date "2020.04.23"]
[Round "2.86"]
[White "Badacsonyi, Frankie"]
[Black "Supatan, Denzel"]
[Result "1-0"]
[WhiteElo "1600"]
[BlackElo "1712"]
[PlyCount "79"]
[EventDate "2020.04.23"]
[WhiteTeam "Muswell Masters"]
[BlackTeam "Chess in Schools"]

1. d4 e6 2. e4 d5 3. Nc3 Nf6 4. Bg5 Be7 5. e5 Nfd7 6. Bxe7 Qxe7 7. f4 a6 8. Nf3
c5 9. Bd3 Nc6 10. dxc5 Qxc5 11. Qd2 O-O 12. Qe2 Nd4 13. Nxd4 Qxd4 14. Qf2 Qxf2+
15. Kxf2 Nc5 16. a3 Nxd3+ 17. cxd3 Rd8 18. d4 b5 19. Rac1 Bd7 20. Na2 Rac8 21.
Nb4 Rc4 22. Rhd1 Bc8 23. b3 Rxc1 24. Rxc1 Bb7 25. Rc7 Bc8 26. Nc6 Re8 27. Ne7+
Kf8 28. Nxc8 g6 29. Nd6 Rb8 30. Rxf7+ Kg8 31. Rc7 b4 32. a4 h6 33. Rc8+ Rxc8
34. Nxc8 Kh7 35. Na7 g5 36. g3 gxf4 37. gxf4 Kg6 38. Kf3 Kf5 39. Nc6 a5 40.
Nxa5 1-0

[Event "Junior Online 4NCL Division 1"]
[Site "online"]
[Date "2020.04.23"]
[Round "2.87"]
[White "Acharya, Kandara"]
[Black "Bird, Max"]
[Result "1-0"]
[WhiteElo "1607"]
[BlackElo "1660"]
[PlyCount "67"]
[EventDate "2020.04.23"]
[WhiteTeam "Chess in Schools"]
[BlackTeam "Muswell Masters"]

1. e4 c6 2. d4 d5 3. Nc3 dxe4 4. Nxe4 Bf5 5. Ng3 Bg6 6. h4 h6 7. Nf3 Nd7 8. h5
Bh7 9. Bd3 Bxd3 10. Qxd3 Ngf6 11. O-O e6 12. Bf4 Nd5 13. Bd2 Bd6 14. c4 Bxg3
15. cxd5 Bxf2+ 16. Rxf2 cxd5 17. Raf1 O-O 18. Ne5 Nxe5 19. dxe5 Qh4 20. Rf4
Qxh5 21. Qd4 Qg6 22. Rg4 Qh7 23. Rf3 Qb1+ 24. Kh2 Qxa2 25. Bxh6 Qc4 26. Qxc4
dxc4 27. Rg5 Rfd8 28. Rxg7+ Kh8 29. Rfxf7 Rdc8 30. Rh7+ Kg8 31. Rfg7+ Kf8 32.
Rxb7+ Kg8 33. Rbg7+ Kf8 34. Rh8# 1-0

[Event "Junior Online 4NCL Division 1"]
[Site "online"]
[Date "2020.04.23"]
[Round "2.88"]
[White "Pollack, Maximo"]
[Black "Rogers, Max"]
[Result "0-1"]
[WhiteElo "1262"]
[BlackElo "1517"]
[PlyCount "40"]
[EventDate "2020.04.23"]
[WhiteTeam "Muswell Masters"]
[BlackTeam "Chess in Schools"]

1. e4 e5 2. Nf3 Nc6 3. d4 exd4 4. Bc4 Bc5 5. c3 Nf6 6. e5 Ng4 7. cxd4 Bb6 8.
Ng5 Nh6 9. Qf3 O-O 10. d5 Nxe5 11. Qe4 Ng6 12. f4 Re8 13. Ne6 dxe6 14. Kd1 exd5
15. Qxd5 Qxd5+ 16. Bxd5 Rd8 17. Nc3 c6 18. Kc2 cxd5 19. Rf1 Bf5+ 20. Kb3 d4 0-1

[Event "Junior Online 4NCL Division 2"]
[Site "online"]
[Date "2020.04.16"]
[Round "1.11"]
[White "Collins, Adam"]
[Black "Dasgupta, Avyukt"]
[Result "1-0"]
[WhiteElo "1760"]
[BlackElo "1585"]
[PlyCount "73"]
[EventDate "2020.04.16"]
[WhiteTeam "A6 and Chill"]
[BlackTeam "Watford 1"]

1. e4 e6 2. Nf3 d5 3. Nc3 d4 4. Ne2 c5 5. c3 Nc6 6. cxd4 cxd4 7. Qa4 Bc5 8. b4
Bb6 9. Bb2 Bd7 10. b5 Nce7 11. Nexd4 Nf6 12. e5 Nfd5 13. Bc4 Rc8 14. O-O O-O
15. Rac1 a6 16. Qb3 axb5 17. Bxb5 Bxb5 18. Nxb5 Nf5 19. d4 Qd7 20. Ba3 Rfd8 21.
Nd6 Nxd6 22. Bxd6 Rc6 23. Rxc6 Qxc6 24. h3 Rc8 25. Rd1 Nc3 26. Re1 Nb5 27. Rb1
Nxd6 28. exd6 Qxd6 29. Qxb6 Qd7 30. Qxb7 Rc1+ 31. Kh2 Qd6+ 32. Ne5 h6 33. Qxf7+
Kh7 34. Rxc1 Qxd4 35. Qg6+ Kg8 36. Rc8+ Qd8 37. Rxd8# 1-0

[Event "Junior Online 4NCL Division 2"]
[Site "online"]
[Date "2020.04.16"]
[Round "1.12"]
[White "Nagda, Maanav"]
[Black "O'cuilleanain, Oisin"]
[Result "1-0"]
[WhiteElo "1600"]
[BlackElo "1660"]
[PlyCount "49"]
[EventDate "2020.04.16"]
[WhiteTeam "Watford 1"]
[BlackTeam "A6 and Chill"]

1. d4 Nf6 2. Nc3 d5 3. Bg5 e6 4. e4 dxe4 5. Nxe4 Be7 6. Bxf6 Bxf6 7. Nf3 b6 8.
c3 Bb7 9. Bd3 Nd7 10. Qe2 O-O 11. O-O Be7 12. h3 c5 13. dxc5 Nxc5 14. Nxc5 Bxc5
15. Rad1 Qe7 16. Qc2 g6 17. Be4 Rfd8 18. Rxd8+ Rxd8 19. Bxb7 Qxb7 20. Rd1 Qc7
21. Ng5 Rxd1+ 22. Qxd1 Qg3 23. Ne4 Qc7 24. Nf6+ Kg7 25. Ne8+ 1-0

[Event "Junior Online 4NCL Division 2"]
[Site "online"]
[Date "2020.04.16"]
[Round "1.13"]
[White "Kavanagh, James"]
[Black "Morrell, Sean"]
[Result "1-0"]
[WhiteElo "1719"]
[BlackElo "1480"]
[PlyCount "41"]
[EventDate "2020.04.16"]
[WhiteTeam "A6 and Chill"]
[BlackTeam "Watford 1"]

1. e4 e6 2. d4 d5 3. Nd2 Nf6 4. e5 Nfd7 5. c3 c5 6. f4 cxd4 7. cxd4 Nc6 8. Ngf3
Qb6 9. Nb3 Bb4+ 10. Bd2 Bxd2+ 11. Qxd2 a5 12. Rc1 O-O 13. Be2 f6 14. O-O fxe5
15. Nxe5 Ndxe5 16. fxe5 Rxf1+ 17. Rxf1 Nxe5 18. Qf4 Ng6 19. Qf7+ Kh8 20. Qf8+
Nxf8 21. Rxf8# 1-0

[Event "Junior Online 4NCL Division 2"]
[Site "online"]
[Date "2020.04.16"]
[Round "1.14"]
[White "Tharkabhushanam, Anirvin"]
[Black "Hackett, William"]
[Result "0-1"]
[WhiteElo "1360"]
[BlackElo "1530"]
[PlyCount "66"]
[EventDate "2020.04.16"]
[WhiteTeam "Watford 1"]
[BlackTeam "A6 and Chill"]

1. e4 c6 2. d4 d5 3. e5 Bf5 4. Nf3 e6 5. Bf4 Nd7 6. Be2 c5 7. c3 cxd4 8. cxd4
Ne7 9. Qd2 Nc6 10. a3 Be7 11. O-O O-O 12. Nc3 a6 13. Nh4 Bxh4 14. g3 Be7 15.
Be3 Rc8 16. h4 f6 17. Kg2 fxe5 18. g4 Bg6 19. h5 Be8 20. Rh1 exd4 21. Bxd4 Nxd4
22. Qxd4 Bf6 23. Qd3 Nc5 24. Qh3 Bc6 25. Kf1 Ne4 26. Nxe4 dxe4 27. Rd1 Qb6 28.
Bc4 Bb5 29. Kg2 Bxc4 30. Rdg1 Bd5 31. Qe3 Qxe3 32. fxe3 Rc2+ 33. Kf1 Rfc8 0-1

[Event "Junior Online 4NCL Division 2"]
[Site "online"]
[Date "2020.04.16"]
[Round "1.15"]
[White "Dasgupta, Avyukt"]
[Black "Collins, Adam"]
[Result "0-1"]
[WhiteElo "1585"]
[BlackElo "1760"]
[PlyCount "166"]
[EventDate "2020.04.16"]
[WhiteTeam "Watford 1"]
[BlackTeam "A6 and Chill"]

1. e4 c6 2. Nf3 d5 3. exd5 cxd5 4. Ne5 Nc6 5. d4 Nf6 6. c3 Bf5 7. Bf4 e6 8. Bd3
Bxd3 9. Qxd3 Bd6 10. Nd2 O-O 11. h3 Qc7 12. Qe3 Rac8 13. O-O Rfd8 14. Ndf3 Ne4
15. Bh2 a6 16. Rad1 Re8 17. Rfe1 f6 18. Ng4 Ne7 19. Nd2 Nf5 20. Qe2 Nxd2 21.
Rxd2 b5 22. a3 Bxh2+ 23. Nxh2 Nd6 24. Nf3 Nc4 25. Rdd1 a5 26. Nd2 a4 27. Nxc4
bxc4 28. Qc2 Qc6 29. Re3 Rb8 30. Rg3 Rb3 31. Rd2 Reb8 32. Qc1 Qb6 33. Rc2 Kh8
34. Qe3 Qd6 35. Qe2 f5 36. Qh5 Qe7 37. Qe2 R3b6 38. Re3 Qd6 39. Re5 g6 40. f4
Kg7 41. Kf2 Kf7 42. Kf3 R8b7 43. g4 Qe7 44. g5 Qd8 45. Kg3 Qb8 46. Qe3 Qc8 47.
Qe2 Rc6 48. h4 Rb3 49. h5 Qh8 50. h6 Qb8 51. Kf3 Rcb6 52. Qe3 Qd6 53. Qe2 Qc6
54. Kg3 Qc7 55. Kf3 Qb7 56. Qe3 Ra6 57. Qe2 Rd6 58. Kg3 Rdb6 59. Qe3 Qd7 60.
Qe2 Qb5 61. Qe3 Rxb2 62. Rc1 Rb1 63. Rc2 Qd7 64. Re2 R1b3 65. Ra2 Qd6 66. Qc1
Rb1 67. Qd2 R6b3 68. Qe3 R1b2 69. Ra1 Rc2 70. Re1 Rcxc3 71. Rxe6 Rxe3+ 72.
R6xe3 Qxa3 73. Rxb3 Qxb3+ 74. Kf2 a3 75. Re3 Qxe3+ 76. Kxe3 a2 77. Kf3 a1=Q 78.
Kg3 Qxd4 79. Kh4 c3 80. Kh3 c2 81. Kh4 c1=Q 82. Kh3 Qh1+ 83. Kg3 Qe3# 0-1

[Event "Junior Online 4NCL Division 2"]
[Site "online"]
[Date "2020.04.16"]
[Round "1.16"]
[White "O'cuilleanain, Oisin"]
[Black "Nagda, Maanav"]
[Result "1-0"]
[WhiteElo "1660"]
[BlackElo "1600"]
[PlyCount "31"]
[EventDate "2020.04.16"]
[WhiteTeam "A6 and Chill"]
[BlackTeam "Watford 1"]

1. e4 e6 2. Nf3 d5 3. Nc3 Nf6 4. e5 Nfd7 5. d4 Bb4 6. Bg5 Be7 7. Bxe7 Qxe7 8.
Bd3 c5 9. Nb5 Qd8 10. Nd6+ Kf8 11. h4 Nc6 12. Ng5 Qa5+ 13. Kf1 Nd8 14. Qf3 f6
15. Qh5 fxg5 16. Qe8# 1-0

[Event "Junior Online 4NCL Division 2"]
[Site "online"]
[Date "2020.04.16"]
[Round "1.17"]
[White "Morrell, Sean"]
[Black "Kavanagh, James"]
[Result "0-1"]
[WhiteElo "1480"]
[BlackElo "1719"]
[PlyCount "96"]
[EventDate "2020.04.16"]
[WhiteTeam "Watford 1"]
[BlackTeam "A6 and Chill"]

1. d4 Nf6 2. Bf4 d6 3. Nf3 g6 4. e3 Bg7 5. Bd3 O-O 6. O-O Nbd7 7. h3 c5 8. c3
b6 9. Nbd2 Bb7 10. e4 Nh5 11. Bh2 e5 12. d5 Nf4 13. Bc2 b5 14. a4 bxa4 15. Bxa4
Nb6 16. Bb3 f5 17. exf5 Rxf5 18. Bxf4 Rxf4 19. g3 Rf8 20. c4 Bc8 21. Kg2 Bh6
22. Ne4 Bf5 23. Qe2 Qd7 24. Nfg5 Bxe4+ 25. Nxe4 Rf7 26. Rae1 Raf8 27. Bd1 Nc8
28. Qg4 Rf5 29. b3 Qf7 30. Qh4 Bg5 31. Qg4 Be7 32. h4 h5 33. Qh3 Bd8 34. Bc2
Ba5 35. Re2 Rf3 36. Qe6 Qxe6 37. dxe6 Bc7 38. Ng5 R3f6 39. Rd1 Kg7 40. Be4 Ne7
41. Bd5 Nf5 42. Ra1 Nd4 43. Rb2 Bb6 44. e7 Re8 45. b4 Rxe7 46. bxc5 dxc5 47.
Rd2 Nb3 48. Rda2 Nxa1 0-1

[Event "Junior Online 4NCL Division 2"]
[Site "online"]
[Date "2020.04.16"]
[Round "1.18"]
[White "Hackett, William"]
[Black "Tharkabhushanam, Anirvin"]
[Result "1-0"]
[WhiteElo "1530"]
[BlackElo "1360"]
[PlyCount "57"]
[EventDate "2020.04.16"]
[WhiteTeam "A6 and Chill"]
[BlackTeam "Watford 1"]

1. d4 Nf6 2. Bg5 e6 3. Nf3 Be7 4. e3 Ne4 5. Bf4 c5 6. c3 d5 7. Bd3 Nc6 8. O-O
c4 9. Bc2 b5 10. Nbd2 Nxd2 11. Qxd2 h6 12. e4 g5 13. Bg3 g4 14. Ne5 Nxe5 15.
Bxe5 Rg8 16. exd5 Bg5 17. Bf4 exd5 18. Rfe1+ Kf8 19. Bxg5 Rxg5 20. Qf4 g3 21.
fxg3 h5 22. Rf1 Be6 23. Rae1 Qe7 24. Rxe6 Qxe6 25. Qxg5 Re8 26. Bg6 Re7 27.
Qh6+ Ke8 28. Bxf7+ Rxf7 29. Qxe6+ 1-0

[Event "Junior Online 4NCL Division 2"]
[Site "online"]
[Date "2020.04.16"]
[Round "1.21"]
[White "Pert, Nina"]
[Black "Murawski, Jan"]
[Result "1-0"]
[WhiteElo "1772"]
[BlackElo "1630"]
[PlyCount "37"]
[EventDate "2020.04.16"]
[WhiteTeam "Brentwood 1"]
[BlackTeam "Ojays C"]

1. e4 c5 2. Nf3 d6 3. d4 cxd4 4. Nxd4 Nf6 5. Nc3 a6 6. Bc4 b5 7. Bb3 Bb7 8. O-O
e6 9. Re1 Be7 10. Bxe6 fxe6 11. Nxe6 Qd7 12. Nxg7+ Kf7 13. Nf5 Nxe4 14. Qh5+
Kf8 15. Bh6+ Kg8 16. Nxe4 Bxe4 17. Rxe4 Bf6 18. Re8+ Qxe8 19. Qxe8# 1-0

[Event "Junior Online 4NCL Division 2"]
[Site "online"]
[Date "2020.04.16"]
[Round "1.22"]
[White "Domingo, Marco"]
[Black "Pert, Max"]
[Result "0-1"]
[WhiteElo "1547"]
[BlackElo "1727"]
[PlyCount "78"]
[EventDate "2020.04.16"]
[WhiteTeam "Ojays C"]
[BlackTeam "Brentwood 1"]

1. e4 c6 2. d4 d5 3. exd5 cxd5 4. c4 Nf6 5. Nc3 g6 6. Nf3 Bg7 7. Bg5 O-O 8. Be2
e6 9. O-O Nbd7 10. cxd5 Nb6 11. dxe6 Bxe6 12. Qc2 Bf5 13. Qd2 Nbd5 14. Nxd5
Qxd5 15. Rad1 Ne4 16. Qe3 Rfe8 17. Qf4 Nxg5 18. Nxg5 Rxe2 19. Qg3 Ree8 20. Qh4
h6 21. Nf3 Re4 22. Qg3 Rg4 23. Qh3 Rg5 24. Qh4 Qxf3 25. g3 Be4 26. Qxe4 Qxe4
27. Rfe1 Qd5 28. b3 Rh5 29. Re3 Rxh2 30. Kxh2 Qh5+ 31. Kg2 Qxd1 32. Re7 Qxd4
33. Re3 Qd5+ 34. Kg1 Bd4 35. Rd3 Bxf2+ 36. Kxf2 Qxd3 37. Kg2 Re8 38. Kf2 Re2+
39. Kf1 Qd1# 0-1

[Event "Junior Online 4NCL Division 2"]
[Site "online"]
[Date "2020.04.16"]
[Round "1.23"]
[White "Horton, Jake H"]
[Black "Macabenta, Kei"]
[Result "0-1"]
[WhiteElo "1435"]
[BlackElo "1532"]
[PlyCount "166"]
[EventDate "2020.04.16"]
[WhiteTeam "Brentwood 1"]
[BlackTeam "Ojays C"]

1. e4 e5 2. Nf3 Nc6 3. Bc4 d6 4. d3 h6 5. Be3 Nf6 6. Nbd2 Be7 7. Qe2 O-O 8. Rg1
Be6 9. h3 Nb4 10. Qd1 d5 11. exd5 Bxd5 12. Bxd5 Qxd5 13. d4 exd4 14. Nxd4 Ne4
15. N2b3 c5 16. Nf3 Qxd1+ 17. Kxd1 c4 18. Nbd4 Rfd8 19. c3 Nd3 20. Kc2 Ndxf2
21. Bxf2 Nxf2 22. Rge1 Bf6 23. Re2 Bxd4 24. Nxd4 Nxh3 25. gxh3 Re8 26. Rae1 Kf8
27. Rxe8+ Rxe8 28. Rf1 Re3 29. h4 Rh3 30. Rf4 Rh2+ 31. Kc1 Rh1+ 32. Kc2 Ra1 33.
a3 Rh1 34. Nf3 Rf1 35. Kd2 g5 36. hxg5 hxg5 37. Rf5 g4 38. Ke2 Rb1 39. Ne5
Rxb2+ 40. Ke3 Rb3 41. Rxf7+ Kg8 42. Rf4 Rxc3+ 43. Kf2 g3+ 44. Kg2 Rxa3 45. Rxc4
b5 46. Rb4 a6 47. Nc6 Kf7 48. Ne5+ Ke6 49. Nc6 Kd5 50. Na7 Kc5 51. Rf4 b4 52.
Rf5+ Kc4 53. Rf4+ Kc3 54. Rf3+ Kb2 55. Rf1 Ra1 56. Rf3 b3 57. Nc6 Ka2 58. Nb4+
Ka3 59. Nc2+ Ka2 60. Nxa1 b2 61. Nc2 b1=Q 62. Kxg3 Qxc2 63. Rf2 Qxf2+ 64. Kxf2
Kb2 65. Ke2 a5 66. Kd3 a4 67. Kc4 a3 68. Kb4 a2 69. Ka4 a1=Q+ 70. Kb4 Qf1 71.
Kc5 Qf4 72. Kd5 Kc3 73. Ke6 Qg5 74. Kf7 Qh6 75. Kg8 Kd4 76. Kf7 Ke5 77. Kg8 Qa6
78. Kf7 Kf5 79. Ke7 Qc6 80. Kd8 Qb7 81. Ke8 Kf6 82. Kd8 Ke6 83. Ke8 Qe7# 0-1

[Event "Junior Online 4NCL Division 2"]
[Site "online"]
[Date "2020.04.16"]
[Round "1.24"]
[White "Amoako, Selikem PJ"]
[Black "Antonopoulos, Chris"]
[Result "1-0"]
[WhiteElo "1480"]
[BlackElo "1307"]
[PlyCount "173"]
[EventDate "2020.04.16"]
[WhiteTeam "Ojays C"]
[BlackTeam "Brentwood 1"]

1. d4 d5 2. c4 e6 3. Nc3 Nf6 4. Bg5 Be7 5. Nf3 Nc6 6. e3 O-O 7. cxd5 exd5 8.
Bd3 h6 9. Bh4 Nh7 10. Bxe7 Qxe7 11. Nxd5 Qd6 12. Nc3 Bg4 13. Bxh7+ Kxh7 14.
Qd3+ Kg8 15. Nd2 Nb4 16. Qb1 Rfe8 17. O-O g6 18. a3 Nc6 19. Nde4 Qe7 20. Qd3
Bf5 21. f3 Bxe4 22. Nxe4 f5 23. Nc3 Qxe3+ 24. Qxe3 Rxe3 25. d5 Nd4 26. Rfe1
Rxe1+ 27. Rxe1 Kg7 28. Re7+ Kf6 29. Rxc7 b6 30. d6 Ne6 31. Re7 Rd8 32. Rxa7
Rxd6 33. Rb7 Nd8 34. Rc7 Ne6 35. Rb7 Nc5 36. Rc7 Nd3 37. b4 Nb2 38. g4 Nd1 39.
Nxd1 Rxd1+ 40. Kg2 Rd2+ 41. Kg3 g5 42. Rc6+ Ke5 43. gxf5 Kxf5 44. Rxh6 Ra2 45.
Rxb6 Rxa3 46. Rb5+ Kg6 47. Ra5 Rb3 48. b5 Kh5 49. Kf2 Rb2+ 50. Ke3 Rb3+ 51. Ke4
Rb4+ 52. Kf5 Rf4+ 53. Ke5 Rxf3 54. b6 Rb3 55. Ra6 Kg4 56. Ra4+ Kh3 57. Ra6 g4
58. Kf4 Rf3+ 59. Kg5 Rb3 60. Kf5 Rb4 61. b7 Rxb7 62. Rh6+ Kg2 63. Kxg4 Rg7+ 64.
Kf4 Rf7+ 65. Ke5 Re7+ 66. Kf6 Ra7 67. h4 Ra6+ 68. Kg7 Ra7+ 69. Kf6 Ra6+ 70. Kg5
Ra3 71. Rg6 Rg3+ 72. Kh6 Kf3 73. Rxg3+ Kxg3 74. h5 Kf4 75. Kg6 Ke5 76. h6 Ke6
77. h7 Ke7 78. h8=Q Ke6 79. Qf6+ Kd7 80. Kf5 Kc7 81. Qe6 Kb7 82. Qd6 Kc8 83.
Qe7 Kb8 84. Qd7 Ka8 85. Ke5 Kb8 86. Kd5 Ka8 87. Kc6 1-0